Vista normal
Vista MARC
Entrada Topical Term
Número de registros utilizados en: 1
001 - CONTROL NUMBER
- control field: 8882
003 - CONTROL NUMBER IDENTIFIER
- control field: OSt
005 - DATE AND TIME OF LATEST TRANSACTION
- control field: 20200818184633.0
008 - FIXED-LENGTH DATA ELEMENTS
- fixed length control field: 200818|| aca||aabn | a|a d
040 ## - CATALOGING SOURCE
- Original cataloging agency: OSt
- Transcribing agency: OSt
150 ## - HEADING--TOPICAL TERM
- Topical term or geographic name entry element: Derecho de familia
670 ## - SOURCE DATA FOUND
- Source citation: Work cat.: (OSt)3423: Echeverri de Ferrufino, Ligia, autora 8881, La familia ante la ley : , 1981